[Event "Arnold Cup"]
[Site "Gausdal"]
[Date "1992.??.??"]
[Round "3"]
[White "Gausel, Einar"]
[Black "Gullaksen, Eirik T"]
[Result "1-0"]
[WhiteElo "2485"]
[BlackElo "2270"]

1.Nf3 Nf6 2.c4 g6 3.Nc3 d6 4.d4 Bg7 5.e4 O-O 6.Be2 e5 7.O-O Nc6 8.d5 Ne7
9.Nd2 a5 10.Rb1 Nd7 11.a3 f5 12.b4 Kh8 13.f3 f4 14.Qc2 axb4 15.axb4 g5 16.c5 Nf6
17.Nc4 Ng6 18.b5 b6 19.cxb6 cxb6 20.Na4 Rb8 21.Ba3 Ne8 22.Rfc1 Ne7 23.Bb4 h5
24.Naxb6 g4 25.Nxc8 Nxc8 26.Ba5 Qd7 27.b6 Bf6 28.Na3 gxf3 29.Bxf3 Ne7 30.Nb5 Bh4
31.Nc7 Nf6 32.Ne6 Rfc8 33.Qb3 Rg8 34.Qb5 Qxb5 35.Rxb5 Nexd5 36.exd5 e4 37.Kf1 exf3
38.gxf3 Nd7 39.b7 Rbe8 40.Rc7 Ne5 41.Bc3 Bf6 42.Nxf4 Nd7 43.Bxf6+ Nxf6 44.Rf7 Nh7
45.b8=Q Rxb8 46.Ng6+ Rxg6 47.Rxb8+  1-0

[Event "Troll Masters"]
[Site "Gausdal"]
[Date "1992.??.??"]
[Round "4"]
[White "Grotnes, Nils"]
[Black "Kotronias, Vasilios"]
[Result "1-0"]
[WhiteElo "2310"]
[BlackElo "2560"]

1.d4 Nf6 2.c4 g6 3.Nc3 Bg7 4.e4 d6 5.Be2 O-O 6.Nf3 e5 7.O-O Nc6 8.d5 Ne7
9.Ne1 Nd7 10.Nd3 f5 11.Bd2 Nf6 12.f3 f4 13.c5 g5 14.cxd6 cxd6 15.Nf2 Ng6
16.Qc2 Rf7 17.Rfc1 a6 18.a4 h5 19.h3 Bf8 20.a5 Bd7 21.Na4 Bb5 22.Bxb5 axb5
23.Nb6 Rb8 24.Qb3 g4 25.hxg4 hxg4 26.fxg4 Nh7 27.Rc3 Ng5 28.Rac1 f3 29.g3 Kh7
30.R1c2 Bh6 31.Qxb5 Kg7 32.Nc4 Qf6 33.Qb6 Rd8 34.Kf1 Rdd7 35.Ne3 Ne7 36.Rc7 Rxc7
37.Rxc7 Qg6 38.Rxe7 Rxe7 39.Nf5+ Kf8 40.Nxe7 Kxe7 41.Qxb7+ Kd8 42.a6 Nxe4
43.Ba5+ Ke8 44.Qc8+ Ke7 45.Bd8+ Kf8 46.Bf6+  1-0

[Event "Troll Masters"]
[Site "Gausdal"]
[Date "1992.??.??"]
[Round "4"]
[White "Stone, Raymond"]
[Black "Dannevig, Oystein"]
[Result "1/2-1/2"]
[WhiteElo "2355"]
[BlackElo "2275"]

1.d4 Nf6 2.c4 g6 3.Nc3 Bg7 4.e4 d6 5.Nf3 O-O 6.Be2 e5 7.O-O Nc6 8.d5 Ne7
9.Ne1 Nd7 10.Nd3 f5 11.Bd2 Nf6 12.f3 f4 13.c5 g5 14.cxd6 cxd6 15.Nf2 h5 16.a4 Rf7
17.Rc1 Ng6 18.h3 Bf8 19.Nb5 a6 20.Na3 Nh4 21.Nc4 a5 22.Bxa5 Rxa5 23.Nxa5 g4
24.fxg4 Rg7 25.b4 hxg4 26.hxg4 Bd7 27.Nc4 Nh5 28.Rc3 Ng3 29.Rxg3 fxg3 30.Nh1 b5
31.axb5 Bxb5 32.Nxg3 Qg5 33.Qd2 Qxd2 34.Nxd2 Bxe2 35.Nxe2 Rxg4 36.g3 Bh6
37.Nc4 Rxe4 38.Nxd6 Rxe2 39.gxh4 Bf8 40.Rf6  1/2-1/2

[Event "Gausdal Int"]
[Site "Gausdal"]
[Date "1992.??.??"]
[Round "4"]
[White "Chachere, Lawrence"]
[Black "Kourkounakis, Ilias"]
[Result "1/2-1/2"]
[WhiteElo "2240"]
[BlackElo "2400"]

1.d4 Nf6 2.c4 g6 3.Nc3 Bg7 4.Nf3 O-O 5.e4 d6 6.Be2 e5 7.O-O Nc6 8.d5 Ne7
9.Ne1 Nd7 10.f3 f5 11.g4 Kh8 12.h4 Ng8 13.Ng2 a5 14.Be3 Nc5 15.Rb1 Nf6 16.exf5 gxf5
17.g5 Nh5 18.f4 Ng3 19.Rf3 Nge4 20.Nxe4 fxe4  1/2-1/2

[Event "Arnold Cup"]
[Site "Gausdal"]
[Date "1992.??.??"]
[Round "6"]
[White "Tisdall, Jonathan D"]
[Black "Gullaksen, Eirik T"]
[Result "1/2-1/2"]
[WhiteElo "2435"]
[BlackElo "2270"]

1.Nf3 g6 2.d4 Nf6 3.c4 Bg7 4.Nc3 d6 5.e4 O-O 6.Be2 e5 7.O-O Nc6 8.d5 Ne7
9.b4 Nh5 10.g3 f5 11.Ng5 Nf6 12.f3 f4 13.Kg2 a5 14.bxa5 Rxa5 15.a4 c5 16.dxc6 bxc6
17.Nh3 h6 18.Ba3 c5 19.Nb5 Ne8 20.Nf2 Qd7 21.g4 Nc6 22.Nd3 Nd4 23.Nxd4 exd4
24.Bc1 g5 25.Bd2 Ra7 26.a5 Bb7 27.Rb1 Bf6 28.Qc2 Bd8 29.Ra1 Ng7 30.Nf2 Bf6
31.Bd3 Ne6 32.Rfb1 Bc6 33.h3 Kg7  1/2-1/2

[Event "Gausdal Int"]
[Site "Gausdal"]
[Date "1992.??.??"]
[Round "6"]
[White "Ostenstad, Berge"]
[Black "Hellers, Ferdinand"]
[Result "1/2-1/2"]
[WhiteElo "2450"]
[BlackElo "2500"]

1.d4 Nf6 2.Nf3 g6 3.c4 Bg7 4.Nc3 O-O 5.e4 d6 6.Be2 e5 7.O-O Nc6 8.d5 Ne7
9.Nd2 a5 10.a3 Nd7 11.Rb1 f5 12.b4 Kh8 13.Qc2 Ng8 14.f3 Ngf6 15.Nb5 Nh5 16.g3 axb4
17.axb4 Ndf6 18.c5 Bd7 19.Rd1 Bh6 20.Nf1 Bxc1 21.Rbxc1 fxe4 22.fxe4 Ng4 23.Bxg4 Bxg4
24.Rd2 Bh3 25.Rf2 Qe7 26.Re1 Rxf2 27.Qxf2 Rf8 28.cxd6 cxd6 29.Qb6 Rd8 30.Nd2 Nf6
31.Nc4 Ng4 32.Ne3 Nxe3 33.Qxe3 Rf8 34.Qe2 h5 35.Nc3 Kg7 36.Nd1 Bg4 37.Qd2 h4
38.Nf2 hxg3 39.hxg3 Bd7 40.Kg2 Qf6 41.Qe3  1/2-1/2

[Event "Geneve op"]
[Site "Geneve"]
[Date "1992.??.??"]
[Round "1"]
[White "Gurevich, Dmitry"]
[Black "Jakob, Simon"]
[Result "1-0"]
[WhiteElo "2515"]
[BlackElo "2275"]

1.d4 Nf6 2.c4 g6 3.Nc3 Bg7 4.e4 d6 5.Be2 O-O 6.Nf3 e5 7.O-O Nc6 8.d5 Ne7
9.Ne1 Nd7 10.Be3 f5 11.f3 Nf6 12.c5 f4 13.Bf2 g5 14.cxd6 cxd6 15.Rc1 Ng6
16.Nb5 Rf7 17.Qc2 Ne8 18.Nxa7 Qc7 19.Qd2 Qxc1 20.Qxc1 Bd7 21.Nb5 Rxa2 22.Na3 g4
23.fxg4 Nf6 24.Qb1 Rxa3 25.bxa3 Nxg4 26.Qxb7 Ne3 27.Bxe3 fxe3  1-0

[Event "Geneve op"]
[Site "Geneve"]
[Date "1992.??.??"]
[Round "3"]
[White "Ragozin, Evgeni"]
[Black "Gallagher, Joseph G"]
[Result "1/2-1/2"]
[WhiteElo "2415"]
[BlackElo "2510"]

1.c4 g6 2.Nf3 Bg7 3.e4 d6 4.d4 Nf6 5.Nc3 O-O 6.Be2 e5 7.O-O Nc6 8.d5 Ne7
9.Ne1 Nd7 10.Nd3 f5 11.Bd2 Kh8 12.Rc1 Ng8 13.f3 f4 14.Qc2 Rf7 15.b4 g5 16.g4 h5
17.h3 Ndf6 18.Be1 Bf8 19.Kg2 Nh6 20.Nf2 Bd7 21.Qd3 Kg8 22.Rg1 Rg7 23.Bd2 Be7
24.a3 a6 25.Kf1 Qb8 26.Kg2 Qa7 27.Kf1 Nf7 28.Rg2 c6 29.Ncd1 Rc8 30.dxc6 bxc6
31.Be1 Be6 32.gxh5 Nxh5 33.Ng4 Nf6 34.c5 Nxg4 35.hxg4 dxc5 36.Nf2 a5 37.bxc5 Rb8
38.Rh2 Rh7 39.Rxh7 Kxh7 40.Rc3 Kg7  1/2-1/2

[Event "Geneve op"]
[Site "Geneve"]
[Date "1992.??.??"]
[Round "4"]
[White "Inkiov, Ventzislav"]
[Black "Cvitan, Ognjen"]
[Result "0-1"]
[WhiteElo "2450"]
[BlackElo "2505"]

1.d4 Nf6 2.c4 g6 3.Nc3 Bg7 4.Nf3 O-O 5.e4 d6 6.Be2 e5 7.O-O Nc6 8.Be3 Ng4
9.Bg5 f6 10.Bc1 Nh6 11.h3 Nf7 12.dxe5 dxe5 13.Be3 f5 14.exf5 gxf5 15.Nd5 Re8
16.Bc1 Be6 17.Re1 Kh8 18.Bf1 a5 19.g3 a4 20.Nh4 Nd4 21.Be3 c5 22.Bxd4 cxd4
23.Qh5 Nd6 24.c5 Bf7 25.Qd1 Bxd5 26.cxd6 Rf8 27.Qh5 Qf6 28.Rac1 e4 29.Rc5 Be6
30.Ng2 Rad8 31.Nf4 Rxd6 32.Qd1 d3 33.Qxa4 Qxb2 34.Nxe6 Rxe6 35.Rb5 Qc3 36.Reb1 Ra6
37.Qd1 Rxa2 38.Rc1 Qd4 39.Rb3 Ra1  0-1

[Event "Geneve op"]
[Site "Geneve"]
[Date "1992.??.??"]
[Round "7"]
[White "Roeder, Mathias"]
[Black "Nemet, Ivan"]
[Result "1-0"]
[WhiteElo "2420"]
[BlackElo "2395"]

1.d4 Nf6 2.c4 g6 3.Nc3 Bg7 4.e4 d6 5.Be2 O-O 6.Nf3 e5 7.O-O Nc6 8.d5 Ne7
9.Ne1 Nd7 10.Nd3 f5 11.Bd2 Nf6 12.f3 f4 13.c5 g5 14.Rc1 Ng6 15.cxd6 cxd6
16.Nb5 Rf7 17.Qc2 Bd7 18.Nxd6 Re7 19.Nxb7 Qb6+ 20.Ndc5 a5 21.Qb3 Qa7 22.d6+ Be6
23.Bc4 Bxc4 24.Rxc4 Rf7 25.Ra4  1-0

[Event "Gent op"]
[Site "Gent"]
[Date "1992.??.??"]
[Round "7"]
[White "Gurevich, Mikhail"]
[Black "Blees, Albert"]
[Result "1/2-1/2"]
[WhiteElo "2635"]
[BlackElo "2410"]

1.d4 Nf6 2.c4 g6 3.Nc3 Bg7 4.e4 d6 5.Nf3 O-O 6.Be2 e5 7.O-O Nc6 8.d5 Ne7
9.Nd2 a5 10.a3 Bd7 11.b3 Nc8 12.Rb1 Nb6 13.Qc2 Ne8 14.Nf3 f5 15.exf5 gxf5
16.Bg5 Bf6 17.Bh6 Ng7 18.Kh1 Qe8 19.g3 c5 20.Rg1 Kh8 21.Rbe1 Qg6 22.Bd2 Rae8
23.Nd1 Ra8 24.Nh4 Qf7 25.f4 a4 26.b4 cxb4 27.axb4 Rfc8 28.Qa2 a3 29.Ng2 Na4
30.fxe5 dxe5 31.Rgf1 b5 32.cxb5 Nb2 33.Nde3 Rcb8 34.Nc2 Bxb5 35.Nxa3 Nd3
36.Qb3 Nxe1 37.Nxb5 Nxg2 38.Kxg2 Qd7 39.Nc3 Qd6 40.Nd1 Rd8 41.Bc4 Ne6 42.Be3 Nd4
43.Bxd4 exd4 44.Rxf5 Rf8 45.Qf3 Bg7 46.Bd3 Ra2+ 47.Nf2 Raa8 48.Qe4 Rxf5 49.Qxf5 Qh6
50.d6 Rf8 51.Qe4 Qg6 52.d7 Qxe4+ 53.Nxe4 Rd8 54.Nc5 Bf8 55.Ne6 Rxd7 56.Nxf8  1/2-1/2

[Event "GER CupT"]
[Site "Germany"]
[Date "1992.??.??"]
[Round "?"]
[White "Lobron, Eric"]
[Black "Brunner, Lucas"]
[Result "1/2-1/2"]
[WhiteElo "2575"]
[BlackElo "2500"]

1.d4 Nf6 2.c4 g6 3.Nc3 Bg7 4.e4 d6 5.Nf3 O-O 6.Be2 e5 7.O-O Nc6 8.d5 Ne7
9.b4 a5 10.bxa5 c5 11.Rb1 Rxa5 12.Bd2 Ra6 13.Rb3 Ne8 14.Qb1 Kh8 15.Rc1 Ng8
16.Rc2 Bh6 17.Rcb2 f5 18.exf5 gxf5 19.Qc1 Qf6 20.Ng5 Ne7 21.g3 Rg8 22.Ne6 Bxd2
23.Qxd2 Ng6 24.Qh6 Qe7 25.Bh5 Nf6 26.Kf1 Nf8 27.Nxf8 Rxf8 28.Bd1 Ng8 29.Qh5 Rf6
30.Qg5 Qf8 31.Bh5 Rh6 32.Kg1 Qg7 33.Qxg7+ Kxg7 34.Bd1 Nf6 35.a4 Kf8 36.Rb6 Rxb6
37.Rxb6 Nd7 38.Rb2 e4 39.Nb5 Ne5 40.Be2 Ke7 41.Na7 Kd8 42.a5 Kc7 43.Nb5+ Kd8
44.Na7 Kc7 45.Nb5+  1/2-1/2

[Event "GER CupT"]
[Site "Germany"]
[Date "1992.??.??"]
[Round "?"]
[White "Chuchelov, Vladimir"]
[Black "Thiede, Lars"]
[Result "1-0"]
[WhiteElo "2490"]
[BlackElo "2265"]

1.d4 Nf6 2.Nf3 g6 3.c4 Bg7 4.Nc3 O-O 5.e4 d6 6.Be2 e5 7.O-O Nc6 8.d5 Ne7
9.Nd2 c5 10.Rb1 Bh6 11.b4 cxb4 12.Rxb4 Nd7 13.Ba3 b6 14.Rb2 Nc5 15.Bxc5 bxc5
16.Qa4 Bd7 17.Qa3 Qc7 18.Rfb1 Rfb8 19.Nf3 Nc8 20.Rb3 Rb6 21.Rxb6 Nxb6 22.Rb3 Rb8
23.Qb2 a6 24.Qa3 Qb7 25.Qa5 Bf8 26.Nd2 Bh6 27.Nf1 Bg5 28.Qa3 Qa8 29.g3 Bc8
30.Qa5 Nd7 31.Rxb8 Qxb8 32.h4 Be7 33.Bg4 f5 34.exf5 Nf6 35.Bh3 gxf5 36.Ne3 Ng4
37.Bxg4 fxg4 38.Kg2 Bb7 39.Nxg4 Qc8 40.Ne3 Bd8 41.Qa4 Bc7 42.Ne4 Qf8 43.Qd7 Qf7
44.Qxf7+ Kxf7 45.Nf5  1-0

[Event "NRW-Liga I 9192"]
[Site "Germany"]
[Date "1992.??.??"]
[Round "?"]
[White "Wehmeier, Stefan"]
[Black "Odendahl, Reiner"]
[Result "1-0"]
[WhiteElo "2315"]
[BlackElo "2295"]

1.d4 Nf6 2.c4 g6 3.Nc3 Bg7 4.e4 d6 5.Nf3 O-O 6.Be2 e5 7.O-O Nc6 8.d5 Ne7
9.Be3 Ng4 10.Bg5 f6 11.Bh4 Nh6 12.Nd2 g5 13.Bg3 Ng6 14.f3 Nf4 15.Bf2 f5 16.c5 g4
17.exf5 gxf3 18.Bxf3 Nxf5 19.cxd6 cxd6 20.Nc4 Bd7 21.Ne4 Bb5 22.Qb3 Nd4 23.Bxd4 Bxc4
24.Qxc4 exd4 25.Bg4 Qe7 26.Rae1 Rae8 27.g3 Ng6 28.Nf6+ Qxf6 29.Rxe8 Qxf1+
30.Qxf1 Rxe8 31.Qb5 Re7 32.Kf1 Be5 33.Qc4 Kg7 34.b3 Nf8 35.Qc1 Bf6 36.Qa3 d3
37.Qxd6 d2 38.Qb4 Bg5 39.h4 Re1+ 40.Kg2 Be3 41.Qxb7+ Kg8 42.Qc8 Rc1 43.Qe8 Bh6
44.Qh5 Be3 45.d6 Rc5 46.Qe8  1-0

[Event "NRW-Liga I 9192"]
[Site "Germany"]
[Date "1992.??.??"]
[Round "?"]
[White "Odendahl, Reiner"]
[Black "Wessendorf, Thomas"]
[Result "1-0"]
[WhiteElo "2295"]
[BlackElo "2285"]

1.Nf3 g6 2.c4 Bg7 3.e4 d6 4.d4 Nf6 5.Nc3 O-O 6.Be2 e5 7.O-O Nc6 8.d5 Ne7
9.Ne1 Nd7 10.Nd3 f5 11.Bd2 Kh8 12.f3 Ng8 13.b4 Bh6 14.Bxh6 Nxh6 15.Qd2 f4
16.c5 Nf6 17.Rfc1 g5 18.h3 Nf7 19.cxd6 cxd6 20.Nb5 g4 21.hxg4 Qb6+ 22.Nf2 Bxg4
23.a4 Bd7 24.Nc7 Rac8 25.a5 Qe3 26.Qxe3 fxe3 27.Nd1 Nh5 28.Nxe3 Nf4 29.Bf1 Rg8
30.a6 bxa6 31.Nxa6 Ng5 32.Kf2 Rcf8 33.Ke1 Nxg2+ 34.Bxg2 Nxf3+ 35.Kd1 Nd4
36.Ra2 Rg3 37.Rc3 Bg4+ 38.Ke1 h5 39.Rf2 Rf4 40.Nd1 Nf3+ 41.Bxf3 Bxf3 42.Rc8+ Kh7
43.Nc3 h4 44.Rc7+ Kg8 45.Nc5 dxc5 46.d6 Rg1+ 47.Kd2 cxb4 48.d7 bxc3+ 49.Kxc3 Rc1+
50.Rc2 Rd1 51.Rd2 Rf8 52.Rxd1  1-0

[Event "NRW-Liga I 9192"]
[Site "Germany"]
[Date "1992.??.??"]
[Round "?"]
[White "Odendahl, Reiner"]
[Black "Kupreichik, Viktor D"]
[Result "1/2-1/2"]
[WhiteElo "2295"]
[BlackElo "2545"]

1.Nf3 d6 2.d4 Nf6 3.c4 g6 4.Nc3 Bg7 5.e4 O-O 6.Be2 e5 7.O-O Nc6 8.d5 Ne7
9.Ne1 Ne8 10.Be3 f5 11.f3 f4 12.Bf2 g5 13.c5 h5 14.a4 Rf6 15.cxd6 cxd6 16.a5 Rg6
17.Nb5 a6 18.Bb6 Qd7 19.Qb3 g4 20.Rc1 Bf8 21.Nc7 Nxc7 22.Rxc7 Qe8 23.Nd3 Rg5
24.Rfc1 Qg6 25.Ne1 gxf3 26.Bxf3 h4 27.R1c2 h3 28.Kh1 hxg2+ 29.Rxg2 Bh3 30.Rxg5 Qxg5
31.Qc2 Rc8 32.Rxc8 Nxc8 33.Bf2 Qd8 34.Qc3 Qd7 35.Be2 Qh7 36.Qf3 Ne7 37.b4 Kg7
38.Nd3 Ng8 39.Bb6 Nf6 40.Nf2 Bd7 41.Bd8 Kf7 42.Bxf6 Kxf6 43.Qg2 Qh4 44.Qg8 Ke7
45.Kg2 Qf6 46.Bg4 Bxg4 47.Nxg4 Qf7 48.Qg5+ Ke8 49.Nf6+ Kd8 50.Qf5 Ke7 51.Ng4 Qxf5
52.exf5 e4 53.f6+ Kf7 54.Kf2 Kg6 55.Ke2 Bh6 56.f7 Bg7 57.Nf2 Kf5 58.h4 Bh6
59.Nh3 Ke5 60.Ng5 f3+ 61.Kf2 Kd4 62.Ne6+ Kd3 63.h5 Be3+ 64.Kg3 Bh6 65.Kf2 Be3+
66.Kg3 Bh6  1/2-1/2

[Event "BL2-W9192"]
[Site "Germany"]
[Date "1992.??.??"]
[Round "?"]
[White "Meyer, Peter"]
[Black "Schlemmermeyer, Wilhelm"]
[Result "1-0"]
[WhiteElo "2320"]
[BlackElo "2325"]

1.Nf3 g6 2.c4 Bg7 3.e4 d6 4.d4 Nf6 5.Nc3 O-O 6.Be2 e5 7.O-O Nc6 8.d5 Ne7
9.b4 Nh5 10.g3 f5 11.Ng5 Nf6 12.f3 f4 13.c5 fxg3 14.hxg3 dxc5 15.bxc5 h6
16.d6 hxg5 17.Bc4+ Kh7 18.dxe7 Qxe7 19.Be3 c6 20.Kg2 Nh5 21.Qe2 Bf6 22.Rab1 Kg7
23.Nd1 Rh8 24.Nf2 Rb8 25.Ng4 Be6 26.Rb3 Rhd8 27.Rfb1 Rd7 28.Nxf6 Kxf6 29.Rf1 Bxc4
30.Qxc4 Rbd8 31.Qc1 Nf4+ 32.gxf4 gxf4 33.Bxf4 exf4 34.Qxf4+ Kg7 35.Rh1 Rd2+
36.Kg3 g5 37.Qf5 Qc7+ 38.e5 Kg8 39.Qe6+ Qf7 40.Rh8+  1-0

[Event "BL2-W9192"]
[Site "Germany"]
[Date "1992.??.??"]
[Round "?"]
[White "Meyer, Peter"]
[Black "Mrva, Martin"]
[Result "1/2-1/2"]
[WhiteElo "2320"]
[BlackElo "2345"]

1.Nf3 Nf6 2.c4 g6 3.Nc3 Bg7 4.e4 d6 5.d4 O-O 6.Be2 e5 7.O-O Nc6 8.Be3 Ng4
9.Bg5 f6 10.Bc1 Nh6 11.d5 Ne7 12.b4 Nf7 13.a4 f5 14.a5 Kh8 15.Nd2 Ng8 16.c5 Nf6
17.Ba3 Bh6 18.Nc4 fxe4 19.b5 b6 20.cxd6 cxd6 21.Bb4 Bb7 22.Bg4 Qc7 23.Ne3 bxa5
24.Rxa5 Bxe3 25.fxe3 Qc4 26.Rxf6 Qxb4 27.Qa1 Qc5 28.Qe1 Qb6 29.Ra2 Nh6 30.Rxf8+ Rxf8
31.Rf2 Nf5 32.Bh3 Kg7 33.Nxe4 Bxd5 34.Bxf5 gxf5 35.Ng3 Be6 36.Qe2 Kh8 37.Qd3 Qc5
38.Nxf5 Bxf5 39.Rxf5 Rxf5 40.Qxf5 Qxe3+ 41.Kf1 Qc1+ 42.Ke2 Qc4+ 43.Ke3 Qd4+
44.Ke2 Qc4+ 45.Ke3 Kg8 46.Qg5+ Kf7 47.Qf5+ Ke8 48.Qxh7 Qd4+ 49.Ke2 e4 50.Qg8+ Kd7
51.Qf7+ Kd8 52.Qb7 Qd3+ 53.Ke1 Qd4 54.Ke2 Ke8 55.Qc8+ Ke7 56.Qc7+ Ke6 57.Qc8+ Ke7
58.Qc7+ Ke6  1/2-1/2

[Event "BL2-W9192"]
[Site "Germany"]
[Date "1992.??.??"]
[Round "?"]
[White "Lingnau, Carsten"]
[Black "Rechel, Bernd"]
[Result "0-1"]
[WhiteElo "2365"]
[BlackElo "2365"]

1.d4 Nf6 2.c4 g6 3.Nc3 Bg7 4.e4 d6 5.Nf3 O-O 6.Be2 e5 7.O-O Nc6 8.d5 Ne7
9.Nd2 a5 10.a3 Nd7 11.Rb1 f5 12.b4 Kh8 13.Qc2 Ng8 14.exf5 gxf5 15.f4 exf4
16.Nf3 Ne5 17.Bxf4 Nxf3+ 18.Bxf3 axb4 19.axb4 Bd7 20.Kh1 Qf6 21.Ne2 Ne7 22.Qd2 Ra3
23.Rbc1 Ng6 24.Bg5 Qe5 25.Nf4 Qd4 26.Qxd4 Bxd4 27.Ne6 Bxe6 28.dxe6 c6 29.b5 Bf6
30.Bxf6+ Rxf6 31.bxc6 bxc6 32.Rfe1 Ne7 33.Rcd1 d5 34.h3 Ra5 35.cxd5 cxd5
36.Bh5 Rf8 37.Rc1 Ra7 38.Bf7 Kg7 39.Rf1 Kf6 40.Rfe1 Rd8 41.Kg1 Ra2 42.Kf1 Rb8
43.Re2 Rbb2 44.Rxb2 Rxb2 45.Rc7 f4 46.Bh5 Nf5 47.e7 Nxe7 48.Bg4 h5 49.Bxh5 Nf5
50.Bf3 d4 51.Rd7 Ke6 52.Rd8 Ke7 53.Ra8 Ne3+ 54.Kg1 Rb1+ 55.Kf2 d3 56.Ra7+ Kd6
57.Ra6+ Kc5 58.Be2 Rb2 59.Ra1 dxe2 60.Re1 Nd1+ 61.Kf3 Nc3 62.h4 Kd4 63.h5 Kd3
64.h6 Rb6 65.Kxf4 Rxh6  0-1

[Event "BL2-W9192"]
[Site "Germany"]
[Date "1992.??.??"]
[Round "?"]
[White "Grimm, Sascha"]
[Black "Winterstein, Wolfgang"]
[Result "1/2-1/2"]
[WhiteElo "2300"]
[BlackElo "2305"]

1.Nf3 Nf6 2.c4 g6 3.Nc3 Bg7 4.e4 d6 5.d4 O-O 6.Be2 e5 7.O-O Nc6 8.d5 Ne7
9.b4 Nh5 10.g3 f5 11.Ng5 Nf6 12.f3 Kh8 13.Be3 f4 14.Bf2 Bh6 15.Ne6 Bxe6 16.dxe6 fxg3
17.hxg3 Qc8 18.Nd5 Qxe6 19.Nxc7 Qh3 20.Qxd6 Be3 21.Bxe3 Qxg3+ 22.Kh1 Qh3+
23.Kg1 Qg3+ 24.Kh1 Qh3+ 25.Kg1 Qg3+  1/2-1/2

[Event "BL2-W9192"]
[Site "Germany"]
[Date "1992.??.??"]
[Round "?"]
[White "Appel, Ralf"]
[Black "Schlemmermeyer, Wilhelm"]
[Result "0-1"]
[WhiteElo "2380"]
[BlackElo "2325"]

1.d4 d6 2.c4 g6 3.Nc3 Bg7 4.Nf3 Nf6 5.e4 O-O 6.Be2 e5 7.O-O Nc6 8.Be3 Ng4
9.Bg5 f6 10.Bc1 Nh6 11.dxe5 dxe5 12.Be3 Nf7 13.c5 Be6 14.Qc1 f5 15.Ng5 Nxg5
16.Bxg5 Bf6 17.Bh6 Rf7 18.exf5 gxf5 19.Qe3 Nd4 20.Bh5 Rd7 21.f4 e4 22.Kh1 Nc2
23.Qg3+ Kh8 24.Rad1 Rd3 25.Rxd3 Qxd3 26.Rd1 Qxg3 27.hxg3 Ne3 28.Re1 Nc4 29.g4 Nxb2
30.gxf5 Bxc3 31.fxe6 Bxe1 32.f5 Bh4 33.g4 Nd3 34.g5 Nf4 35.Bf7 Rg8 36.Bxg8 Kxg8
37.f6 Nxe6 38.Kg2 Bxg5 39.Bxg5 Nxg5 40.Kg3 Kf7  0-1

[Event "BL2-S9192"]
[Site "Germany"]
[Date "1992.??.??"]
[Round "?"]
[White "Trettin, Ulrich"]
[Black "Neurohr, Stephan"]
[Result "0-1"]
[WhiteElo "2295"]
[BlackElo "2315"]

1.d4 Nf6 2.c4 g6 3.Nc3 Bg7 4.e4 O-O 5.Nf3 d6 6.Be2 e5 7.O-O Nc6 8.d5 Ne7
9.Ne1 Nd7 10.Nd3 f5 11.Bd2 Kh8 12.Qc2 fxe4 13.Nxe4 Nf5 14.Rae1 Nf6 15.f3 c6
16.dxc6 bxc6 17.Ndf2 Nh5 18.g3 Qb6 19.Kg2 d5 20.cxd5 Nd4 21.Qb1 Nxe2 22.Rxe2 cxd5
23.Nc3 Ba6 24.Nd3 e4 25.fxe4 Rxf1 26.Kxf1 Qd4 27.Re3 dxe4 28.Nxe4 Rd8 29.Nc5 Qxc5  0-1

[Event "BL2-S9192"]
[Site "Germany"]
[Date "1992.??.??"]
[Round "?"]
[White "Stromer, Alexander"]
[Black "Vonthron, Horst"]
[Result "1-0"]
[WhiteElo "2255"]
[BlackElo "2400"]

1.d4 Nf6 2.Nf3 g6 3.c4 Bg7 4.Nc3 O-O 5.e4 d6 6.Be2 e5 7.O-O Nc6 8.Be3 Ng4
9.Bg5 f6 10.Bc1 h5 11.h3 Nh6 12.dxe5 fxe5 13.Bg5 Qd7 14.Nd5 Kh7 15.Qd2 Nf7
16.Nf6+ Bxf6 17.Bxf6 Ncd8 18.Rad1 Qe8 19.c5 Ne6 20.cxd6 cxd6 21.Bc4 a6 22.Rc1 Bd7
23.Bxe6 Qxe6 24.Rc7 Kg8 25.Bxe5 Bb5 26.Bc3 Bxf1 27.Ng5 Qe8 28.Qxd6 Qc6 29.Qd4 Qxc3
30.bxc3 Rad8 31.Qf6 Rd6 32.Ne6 Rxe6 33.Qxe6  1-0

[Event "BL2-S9192"]
[Site "Germany"]
[Date "1992.??.??"]
[Round "?"]
[White "Siegel, Georg"]
[Black "Pieper, Thomas"]
[Result "0-1"]
[WhiteElo "2320"]
[BlackElo "2210"]

1.c4 Nf6 2.Nc3 g6 3.e4 d6 4.d4 Bg7 5.Be2 O-O 6.Nf3 e5 7.O-O Nc6 8.d5 Ne7
9.b4 a5 10.bxa5 Rxa5 11.Nd2 Nd7 12.Nb3 Ra8 13.a4 f5 14.a5 Nf6 15.exf5 Nxf5
16.Bd3 Nh5 17.Be4 Nf4 18.Ra2 Nh4 19.Kh1 Nf5 20.c5 dxc5 21.Nxc5 Nd6 22.Bf3 b6
23.axb6 Rxa2 24.Nxa2 cxb6 25.Ne4 Ba6 26.Bxf4 Bxf1 27.Be3 Bc4 28.Nb4 Nxe4
29.Bxe4 Qd6 30.Nc6 b5 31.Na5 Ra8 32.Nb7 Qa3 33.d6 Qa1 34.Bc1 Be6 35.Nc5 Rc8
36.d7 Bxd7 37.Nb3 Qc3 38.Qd5+ Kh8 39.Bd2 Qc7 40.Qd3 Be6  0-1

[Event "BL2-S9192"]
[Site "Germany"]
[Date "1992.??.??"]
[Round "?"]
[White "Graf, Juergen"]
[Black "Fritsch, Rolf"]
[Result "1-0"]
[WhiteElo "2440"]
[BlackElo "2220"]

1.d4 Nf6 2.c4 g6 3.Nc3 Bg7 4.e4 O-O 5.Nf3 d6 6.Be2 e5 7.O-O Nc6 8.d5 Ne7
9.Nd2 c5 10.dxc6 bxc6 11.b4 d5 12.b5 d4 13.Na4 Nd7 14.Ba3 Bb7 15.Bd3 Re8
16.Nb3 Rc8 17.Bb4 Qc7 18.Rb1 cxb5 19.cxb5 Ba8 20.Qd2 Nb6 21.Rfc1 Qd8 22.Nac5 Kh8
23.a4 Ng8 24.Qa2 f5 25.a5 Nd7 26.Nxd7 fxe4 27.Bc4 Qxd7 28.Nc5 Rxc5 29.Bxc5 Nf6
30.b6 axb6 31.axb6 Bc6 32.Bf7 Ra8 33.Qe6 Qb7 34.Be7 Bd5 35.Qxf6 Rf8 36.Bxd5 Qxd5  1-0

[Event "BL2-O9192"]
[Site "Germany"]
[Date "1992.??.??"]
[Round "?"]
[White "Hesse, Peter"]
[Black "Klundt, Klaus"]
[Result "1-0"]
[WhiteElo "2350"]
[BlackElo "2415"]

1.d4 Nf6 2.Nf3 g6 3.c4 Bg7 4.Nc3 O-O 5.e4 d6 6.Be2 e5 7.O-O Nc6 8.d5 Ne7
9.Nd2 a5 10.Rb1 Nd7 11.a3 f5 12.f3 Kh8 13.b4 Ng8 14.Qc2 Ndf6 15.c5 Nh5 16.cxd6 cxd6
17.bxa5 Rxa5 18.Nc4 Ra6 19.Rd1 Nf4 20.Bf1 fxe4 21.Nxe4 Nf6 22.Ne3 Ra8 23.Kh1 Nxe4
24.fxe4 Rf7 25.Nc4 Bg4 26.Re1 Qf8 27.Bd2 b5 28.Ne3 Bd7 29.Qb3 Ra4 30.Bb4 Bh6
31.Qd1 Ra8 32.Ng4 Bg5 33.Nxe5 Rg7 34.Nxd7 Rxd7 35.e5 Qf5 36.Bxd6 Rdd8 37.g3 Nh3
38.Bxh3 Qxh3 39.Qf3 Rac8 40.Rf1 Rc2 41.Rf2 Rxf2 42.Qxf2 Qg4 43.Rf1 Rc8 44.Qf3 Qxf3+
45.Rxf3 Rc1+ 46.Kg2 Rd1 47.h4 Bh6 48.e6  1-0

[Event "GER-ch U17"]
[Site "Germany"]
[Date "1992.??.??"]
[Round "4"]
[White "Hausrath, Daniel"]
[Black "Brettschneider, Stefan"]
[Result "1/2-1/2"]
[WhiteElo "2310"]
[BlackElo "2210"]

1.d4 Nf6 2.c4 g6 3.Nc3 Bg7 4.e4 O-O 5.Nf3 d6 6.Be2 e5 7.O-O Nc6 8.d5 Ne7
9.Nd2 a5 10.a3 Nd7 11.Rb1 f5 12.b4 Kh8 13.f3 Bh6 14.Qc2 axb4 15.axb4 Be3+
16.Kh1 g5 17.Nb3 Bxc1 18.Rbxc1 b6 19.c5 bxc5 20.bxc5 Nf6 21.Qd2 f4 22.cxd6 cxd6
23.Nb5 Ne8 24.Ra1 Rxa1 25.Rxa1 Qb6 26.Bf1 g4 27.Qa5 Qxa5 28.Nxa5 Bd7 29.Nb7 Nc8
30.Na7 Rf7 31.Nd8 Re7 32.Bb5 Nf6 33.Bxd7 Rxd7 34.Nac6 Kg7 35.Ra8 Ne7 36.Ra7 Rxa7
37.Nxa7 gxf3 38.gxf3 Ne8 39.Nb7 Kf6 40.Nb5 Nc8 41.Kg2 Kg5  1/2-1/2

[Event "Hessen-ch"]
[Site "Germany"]
[Date "1992.??.??"]
[Round "11"]
[White "Alber, Horst"]
[Black "Gustavsson, Cyrill"]
[Result "1-0"]
[WhiteElo "2335"]
[BlackElo "2210"]

1.d4 Nf6 2.c4 g6 3.Nc3 Bg7 4.e4 d6 5.Nf3 O-O 6.Be2 e5 7.O-O Nc6 8.d5 Ne7
9.b4 Nh5 10.g3 f5 11.Ng5 Nf6 12.f3 f4 13.Kg2 fxg3 14.hxg3 Nh5 15.Rh1 c6 16.c5 h6
17.Bc4 hxg5 18.cxd6 Nxd5 19.exd5 c5 20.d7 Qxd7 21.d6+ Kh8 22.g4 e4 23.gxh5 exf3+
24.Kf2 Bd4+ 25.Be3 Qg4 26.hxg6+ Kg7 27.Bf1 Bxe3+ 28.Kxe3 Bf5 29.Qd5 Rae8+
30.Kd2 Qf4+ 31.Kd1 Bg4 32.Qxb7+ Kxg6 33.Qh7+ Kf6 34.Nd5+  1-0

[Event "GER-ch qual"]
[Site "Gladenbach"]
[Date "1992.??.??"]
[Round "4"]
[White "Raupp, Thomas"]
[Black "Alber, Horst"]
[Result "1-0"]
[WhiteElo "2315"]
[BlackElo "2355"]

1.d4 Nf6 2.c4 g6 3.Nc3 Bg7 4.e4 d6 5.Nf3 O-O 6.Be2 e5 7.O-O Nc6 8.d5 Ne7
9.b4 a5 10.bxa5 c5 11.Nd2 Rxa5 12.Nb3 Ra6 13.a4 Ne8 14.a5 f5 15.Bd2 Nf6 16.f3 Kh8
17.Qc2 Rf7 18.Na4 Nd7 19.Bd3 f4 20.Nb6 Nxb6 21.axb6 Qxb6 22.Rxa6 bxa6 23.Na5 g5
24.Rb1 Qc7 25.Qb3 Ng8 26.Qb8 Qd7 27.Be2 h5 28.Rb6 Rf6 29.Rc6 Ne7 30.Rc7 Qa4
31.Rxe7 Qa1+ 32.Kf2 Qd4+ 33.Ke1 Rf8 34.Qxd6 g4 35.Qg6  1-0

[Event "Goch op"]
[Site "Goch"]
[Date "1992.??.??"]
[Round "4"]
[White "Zlochevskij, Alexander"]
[Black "Stillger, Bernhard"]
[Result "1-0"]
[WhiteElo "2450"]
[BlackElo "2235"]

1.Nf3 Nf6 2.c4 g6 3.Nc3 Bg7 4.e4 d6 5.d4 O-O 6.Be2 e5 7.O-O Nc6 8.Be3 Ng4
9.Bg5 f6 10.Bc1 Nh6 11.d5 Ne7 12.b4 f5 13.Ng5 fxe4 14.c5 Nhf5 15.Ngxe4 Nd4
16.a4 Nef5 17.b5 dxc5 18.Nxc5 Nxe2+ 19.Qxe2 Nd4 20.Qa2 Qh4 21.d6+ Kh8 22.d7 Bxd7
23.Nxd7 e4 24.f4 Rf5 25.Be3 Rh5 26.g3 Qe7 27.Ne5 Bxe5 28.Nd5 Qg7 29.fxe5 Nf3+
30.Rxf3 exf3 31.Qf2 Rd8 32.Nf4 Rxe5 33.Rf1 Ree8 34.Bc1 Qf7 35.Qxf3 g5 36.Bb2+ Kg8
37.Qc3  1-0

[Event "Goch op"]
[Site "Goch"]
[Date "1992.??.??"]
[Round "7"]
[White "Jankovskis, Guntis"]
[Black "Stillger, Bernhard"]
[Result "1-0"]
[WhiteElo "2310"]
[BlackElo "2235"]

1.Nf3 Nf6 2.c4 g6 3.Nc3 Bg7 4.e4 d6 5.d4 O-O 6.Be2 e5 7.O-O Nc6 8.d5 Ne7
9.Ne1 Nd7 10.Nd3 f5 11.Bd2 Nf6 12.f3 f4 13.g4 g5 14.Be1 h5 15.h3 Kf7 16.c5 Rh8
17.Kg2 Rh6 18.Bf2 Qh8 19.Rh1 Bd7 20.Qb3 Qh7 21.cxd6 cxd6 22.Nxe5+ dxe5 23.d6+ Be6
24.Qxb7  1-0